Zu welchem ​​Land gehört __? #2 - Statistiken

Allgemein
  • Dieses Quiz wurde 258 mal gespielt
  • Das Durchschnittsergebnis liegt bei 7 aus 10
Antwortstatistiken
Hinweise Antworten % Korrekt
Wales Vereinigtes Königreich
91%
Insel von Mann Vereinigtes Königreich
90%
Französisch Polynesien Frankreich
89%
Berlin Deutschland
83%
Puerto rico Vereinigte Staaten
82%
Amerikanischen Samoa-Inseln Vereinigte Staaten
75%
Winnipeg Kanada
60%
Guam Vereinigte Staaten
60%
Labador Kanada
48%
Cookinseln Neuseeland
43%
Keine übereinstimmenden Quizze gefunden
Verteilung der Resultate
Anzahl Personen mit jedem Resultat
Perzentil nach korrekt beantworteten Fragen
Ihre Resultats-Entwicklung
Sie haben dieses Quiz noch nicht gespielt